The admiralty manual of navigation- vol. I: principles of navigation, BR-45(1) / (Record no. 22)

000 -LEADER
fixed length control field 00611nam a2200169Ia 4500
008 - FIXED-LENGTH DATA ELEMENTS--GENERAL INFORMATION
fixed length control field 190719s9999||||xx |||||||||||||| ||und||
020 ## - INTERNATIONAL STANDARD BOOK NUMBER
International Standard Book Number 9781870077903
Terms of availability £ 135.00
040 ## - CATALOGING SOURCE
Original cataloging agency IMU Kochi
082 04 - DEWEY DECIMAL CLASSIFICATION NUMBER
Classification number 623.89
Item number R8124 V.1
110 ## - MAIN ENTRY--CORPORATE NAME
Corporate name or jurisdiction name as entry element Great Britain.
Subordinate unit Royal Navy
245 #4 - TITLE STATEMENT
Title The admiralty manual of navigation- vol. I: principles of navigation, BR-45(1) /
Statement of responsibility, etc. Royal Navy, Government of Great Britain
250 ## - EDITION STATEMENT
Edition statement 8th ed.
260 ## - PUBLICATION, DISTRIBUTION, ETC.
Place of publication, distribution, etc. London :
Name of publisher, distributor, etc. The Nautical Institute ,
Date of publication, distribution, etc. 2012
300 ## - PHYSICAL DESCRIPTION
Extent various pagination
Other physical details : col. Ill. Maps
Dimensions ; 30 cm.
650 ## - SUBJECT ADDED ENTRY--TOPICAL TERM
Topical term or geographic name entry element Navigation
Form subdivision Handbooks, manuals, etc.
942 ## - ADDED ENTRY ELEMENTS (KOHA)
Source of classification or shelving scheme
Koha item type Books
Holdings
Withdrawn status Lost status Source of classification or shelving scheme Damaged status Not for loan Collection code Permanent Location Current Location Shelving location Date acquired Source of acquisition Cost, normal purchase price Total Checkouts Full call number Barcode Date last seen Date last checked out Price effective from Koha item type Public note
          Nautical Science IMU Kochi Library IMU Kochi Library General Stacks 2017-04-29 Segment Book Distrubuters 11745.00 9 623.89 R8124 V.1 BK003096 2023-12-12 2023-12-12 2019-07-19 Books Shelf-4, Row-3
          Nautical Science IMU Kochi Library IMU Kochi Library Reference 2017-04-29 Segment Book Distrubuters 11745.00 1 623.89 R8124 V.1 BK003097 2019-11-25 2019-11-25 2019-07-19 Reference book Shelf-4, Row-3
          Nautical Science IMU Kochi Library IMU Kochi Library Reference 2017-06-16 Sterling Book House 11664.00 2 623.89 R8124 V.1 BK004380 2022-12-15 2022-12-15 2019-07-19 Reference book Shelf-4, Row-3


Copyright © All Rights Reserved by Indian Maritime University, Kochi Campus.
For any Suggestions/Query Contact to library or Email: library.kochi@imu.ac.in Ph:(0484)-2989402
(Web OPAC Designed by Rudra Ranjan. Maintained by IMU Kochi Library)

Powered by Koha